[Event "Smith-Morra Gambit Practice "]
[Site "SchemingMind.com"]
[Date "2013.01.14"]
[Round "-"]
[White "hoochicoochiman"]
[Black "byrdlegz"]
[Result "1-0"]
[WhiteCountry "ENG"]
[BlackCountry "USA"]
[WhiteElo "1709"]
[WhiteRD "96"]
[BlackElo "1550"]
[BlackRD "123"]
[GameID "325092"]

1. e4 c5 2. d4 cxd4 3. Nf3 Nc6 4. Nxd4 e5 5. Nf3 Nf6 6. Bd3 d6 7. O-O Bg4 8. Nbd2 Nd4 9. h3 Nxf3+ 10. Nxf3 Bh5
11. Re1 Be7 12. Bb5+ Nd7 13. g4 Bg6 14. Qd5 O-O 15. Qxb7 Nc5 16. Qd5 Ne6 17. c4 Nf4 18. Bxf4 exf4 19. Bc6 Rc8 20. b4 Qb6
21. b5 Bf6 22. Rab1 Rfd8 23. h4 h6 24. h5 Bh7 25. Kg2 Qc5 26. Rb3 Qxd5 27. Bxd5 Re8 28. b6 axb6 29. Rxb6 Be7 30. Nd4 Bf8
31. Nb5 Red8 32. Rb7 Rxc4 33. Bxf7+ Kh8 34. Bg6 Bxg6 35. hxg6 Ra4 36. Re2 d5 37. exd5 Raa8 38. Nc7 Bd6 39. Nxa8 Rxa8 40. Rd7 Bc5
41. Kf3 Rf8 42. Rf7
1-0

[Event "Smith-Morra Gambit Practice "]
[Site "SchemingMind.com"]
[Date "2013.01.18"]
[Round "-"]
[White "Queeny"]
[Black "tiggeronvrb"]
[Result "0-1"]
[WhiteCountry "ENG"]
[BlackCountry "SCO"]
[WhiteElo "1487"]
[WhiteRD "79"]
[BlackElo "1868"]
[BlackRD "70"]
[GameID "325125"]

1. e4 c5 2. d4 cxd4 3. Qxd4 Nc6 4. Qd1 Nf6 5. Bd3 e5 6. Nf3 Bc5 7. Bg5 d6 8. Bb5 Bxf2+ 9. Kxf2 Nxe4+ 10. Ke1 Nxg5
11. Nxg5 Qxg5 12. Qxd6 Bd7 13. Qd2 Qh4+ 14. Kd1 O-O-O
0-1

[Event "Smith-Morra Gambit Practice "]
[Site "SchemingMind.com"]
[Date "2013.01.18"]
[Round "-"]
[White "Queeny"]
[Black "vetran"]
[Result "0-1"]
[WhiteCountry "ENG"]
[BlackCountry "NED"]
[WhiteElo "1477"]
[WhiteRD "83"]
[BlackElo "1984"]
[BlackRD "77"]
[GameID "325127"]

1. e4 c5 2. d4 cxd4 3. c3 dxc3 4. Nxc3 e6 5. Nf3 Nc6 6. Be2 d6 7. O-O Nf6 8. Bg5 Be7 9. Bb5 O-O 10. Qc2 Bd7
11. a3 a6 12. Bd3 h6 13. Bh4 Rc8 14. Rfe1 e5 15. b4 Nd4 16. Qb2 Nxf3+ 17. gxf3 g5
0-1

[Event "Smith-Morra Gambit Practice "]
[Site "SchemingMind.com"]
[Date "2013.01.18"]
[Round "-"]
[White "Queeny"]
[Black "kenneth m day"]
[Result "0-1"]
[WhiteCountry "ENG"]
[BlackCountry "USA"]
[WhiteElo "1487"]
[WhiteRD "79"]
[BlackElo "1770"]
[BlackRD "51"]
[GameID "325128"]

1. e4 c5 2. d4 cxd4 3. c3 dxc3 4. Nxc3 Nc6 5. Bb5 g6 6. Nf3 Bg7 7. O-O d6 8. Qd5 Bd7 9. Ng5 Nh6 10. Bc4 Ne5
0-1

[Event "Smith-Morra Gambit Practice "]
[Site "SchemingMind.com"]
[Date "2013.01.18"]
[Round "-"]
[White "Queeny"]
[Black "hoochicoochiman"]
[Result "0-1"]
[WhiteCountry "ENG"]
[BlackCountry "ENG"]
[WhiteElo "1487"]
[WhiteRD "79"]
[BlackElo "1708"]
[BlackRD "91"]
[GameID "325129"]

1. e4 c5 2. d4 e6 3. Nf3 d5 4. Bb5+ Bd7 5. Bxd7+ Nxd7 6. O-O dxe4 7. Ng5 Ngf6 8. Nc3 Qb6 9. Be3 cxd4 10. Bxd4 Qc6
0-1

[Event "Smith-Morra Gambit Practice "]
[Site "SchemingMind.com"]
[Date "2013.01.16"]
[Round "-"]
[White "tiggeronvrb"]
[Black "Queeny"]
[Result "1-0"]
[WhiteCountry "SCO"]
[BlackCountry "ENG"]
[WhiteElo "1906"]
[WhiteRD "72"]
[BlackElo "1477"]
[BlackRD "83"]
[GameID "325132"]

1. e4 c5 2. d4 cxd4 3. c3 Qa5 4. Nf3 dxc3 5. Nxc3 e6 6. Bc4 Bb4 7. Bd2 Nf6 8. O-O Qc5 9. Bb3 Bxc3 10. Bxc3 b6
11. Qe2 Ba6 12. Qc2 Bxf1 13. Kxf1 Nc6 14. Re1 O-O-O 15. Rc1 Kb7 16. e5 Ng4 17. Qe2 h5 18. h3 Nh6 19. Bd2
1-0

[Event "Smith-Morra Gambit Practice "]
[Site "SchemingMind.com"]
[Date "2013.01.16"]
[Round "-"]
[White "vetran"]
[Black "Queeny"]
[Result "1-0"]
[WhiteCountry "NED"]
[BlackCountry "ENG"]
[WhiteElo "1984"]
[WhiteRD "77"]
[BlackElo "1477"]
[BlackRD "83"]
[GameID "325134"]

1. e4 c5 2. d4 e6 3. Nf3 d5 4. Nc3 Nf6 5. exd5 Nxd5 6. Nxd5 Qxd5 7. Be3 Nd7 8. Be2 Be7 9. O-O O-O 10. c4 Qc6
11. d5 exd5 12. cxd5 Qf6 13. Qd2 Rd8 14. Bg5 Qd6 15. Bf4 Qb6 16. d6 Bf6 17. Rab1
1-0

[Event "Smith-Morra Gambit Practice "]
[Site "SchemingMind.com"]
[Date "2013.01.15"]
[Round "-"]
[White "hoochicoochiman"]
[Black "Queeny"]
[Result "1-0"]
[WhiteCountry "ENG"]
[BlackCountry "ENG"]
[WhiteElo "1708"]
[WhiteRD "91"]
[BlackElo "1487"]
[BlackRD "79"]
[GameID "325136"]

1. e4 c5 2. d4 e6 3. d5 Nf6 4. dxe6 fxe6 5. e5 Nd5 6. c4 Nb4 7. Nf3 Be7 8. Bd3 N8c6 9. O-O d6 10. Re1 dxe5
11. Bf1
1-0

[Event "Smith-Morra Gambit Practice "]
[Site "SchemingMind.com"]
[Date "2013.01.17"]
[Round "-"]
[White "lipekhetman"]
[Black "Louis Lima"]
[Result "1-0"]
[WhiteCountry "POL"]
[BlackCountry "ESP"]
[WhiteElo "2218"]
[WhiteRD "89"]
[BlackElo "1958"]
[BlackRD "88"]
[GameID "325268"]

1. e4 c5 2. d4 cxd4 3. Nf3 g6 4. Nxd4 Nc6 5. c4 Nf6 6. Nc3 Bg7 7. Nc2 a6 8. Be2 b5 9. Be3 bxc4 10. Na3 O-O
11. Nxc4 d6 12. O-O Rb8 13. Rc1 Na5 14. b3 Nxc4 15. Bxc4 Bb7 16. Qd3 Qa5 17. Bd2 Qb6 18. Rfe1 Rbc8 19. Na4
1-0

[Event "Smith-Morra Gambit Practice "]
[Site "SchemingMind.com"]
[Date "2013.01.16"]
[Round "-"]
[White "lipekhetman"]
[Black "Queeny"]
[Result "1-0"]
[WhiteCountry "POL"]
[BlackCountry "ENG"]
[WhiteElo "2148"]
[WhiteRD "94"]
[BlackElo "1629"]
[BlackRD "98"]
[GameID "325269"]

1. e4 c5 2. d4 e6 3. Nf3 d5 4. e5 f6 5. Bb5+ Bd7 6. Bxd7+ Qxd7 7. O-O b6 8. Nc3 Nh6 9. Bxh6 gxh6 10. exf6 Qf7
11. Ne5 Qxf6 12. Qh5+
1-0

[Event "Smith-Morra Gambit Practice "]
[Site "SchemingMind.com"]
[Date "2013.01.16"]
[Round "-"]
[White "lipekhetman"]
[Black "tiggeronvrb"]
[Result "1-0"]
[WhiteCountry "POL"]
[BlackCountry "SCO"]
[WhiteElo "2148"]
[WhiteRD "94"]
[BlackElo "1836"]
[BlackRD "70"]
[GameID "325270"]

1. e4 c5 2. d4 cxd4 3. c3 e5 4. Nf3 Nc6 5. cxd4 exd4 6. Nxd4 Bc5 7. Nxc6 bxc6 8. Bd3 Nf6 9. e5 Nd5 10. O-O O-O
11. Bxh7+ Kxh7 12. Qc2+ g6 13. Qxc5 Ba6 14. Rd1 Qc7 15. Rxd5
1-0

[Event "Smith-Morra Gambit Practice "]
[Site "SchemingMind.com"]
[Date "2013.01.16"]
[Round "-"]
[White "lipekhetman"]
[Black "byrdlegz"]
[Result "1-0"]
[WhiteCountry "POL"]
[BlackCountry "USA"]
[WhiteElo "2224"]
[WhiteRD "93"]
[BlackElo "1577"]
[BlackRD "125"]
[GameID "325271"]

1. e4 c5 2. d4 cxd4 3. c3 dxc3 4. Nxc3 e5 5. Nf3 Nc6 6. Bc4 Bb4 7. Ng5 Nh6 8. O-O O-O 9. Nd5 Be7 10. Qh5 d6
11. h3 Bf6 12. Rd1 Be6 13. Nxf6+ Qxf6 14. Rxd6 Nd4 15. Nxe6 fxe6 16. Be3 Rae8 17. Rd7 Re7 18. Rxe7 Qxe7 19. Qxe5 Nc2 20. Bc5 Qf6
21. Qxe6+ Qxe6 22. Bxe6+ Nf7 23. Rc1 Re8 24. Bxf7+ Kxf7 25. Rxc2 Rxe4 26. Bxa7 Ra4 27. Rc7+
1-0

[Event "Smith-Morra Gambit Practice "]
[Site "SchemingMind.com"]
[Date "2013.01.16"]
[Round "-"]
[White "lipekhetman"]
[Black "vetran"]
[Result "1/2-1/2"]
[WhiteCountry "POL"]
[BlackCountry "NED"]
[WhiteElo "2185"]
[WhiteRD "90"]
[BlackElo "1984"]
[BlackRD "77"]
[GameID "325272"]

1. e4 c5 2. d4 cxd4 3. c3 dxc3 4. Nxc3 Nc6 5. Nf3 d6 6. Bc4 e6 7. O-O Nf6 8. Qe2 Be7 9. Rd1 e5 10. Be3 O-O
11. Rac1 Bg4 12. h3 Bh5 13. g4 Bg6 14. Nh4 a6 15. Nxg6 hxg6 16. Nd5 Nxd5 17. exd5 Nb8 18. Qd2 Nd7 19. f3 f5 20. Bd3 e4
21. fxe4 Ne5 22. Be2 fxe4 23. Rf1 Qd7 24. Qc2 Nf3+ 25. Bxf3 exf3 26. Qb3 Bh4 27. Bf2 Bf6 28. Bb6 Rac8 29. Rxc8 Qxc8 30. Rxf3 Qc1+
31. Kg2 Qxb2+ 32. Bf2 Qxb3 33. Rxb3 b5 34. Ra3 Ra8 35. Bg3 Be7 36. Rc3 a5 37. Rc6 b4 38. Bxd6 Bxd6 39. Rxd6 a4 40. Rc6 b3
41. axb3 a3 42. Rc1 a2 43. Ra1 Ra3 44. Kf2 Kf7 45. Ke2 Ke7=
1/2-1/2

[Event "Smith-Morra Gambit Practice "]
[Site "SchemingMind.com"]
[Date "2013.01.16"]
[Round "-"]
[White "lipekhetman"]
[Black "kenneth m day"]
[Result "1-0"]
[WhiteCountry "POL"]
[BlackCountry "USA"]
[WhiteElo "2223"]
[WhiteRD "111"]
[BlackElo "1807"]
[BlackRD "52"]
[GameID "325273"]

1. e4 c5 2. d4 cxd4 3. c3 Nf6 4. e5 Nd5 5. Nf3 Nc6 6. cxd4 d6 7. Bc4 Nb6 8. Bb5 Bd7 9. exd6 exd6 10. Nc3 Be7
11. a3 O-O 12. O-O a6 13. Be3 axb5 14. Nxb5 Nd5 15. Qd3 h6 16. Rfe1 Be6 17. Rac1 Qd7 18. h3 Rac8 19. Bd2 Bf5 20. Qb3 Nf6
21. d5 Nb8 22. Rxc8 Rxc8 23. Nfd4 Bg6 24. Nc3 Na6 25. Qb5 Qxb5 26. Ndxb5 Bf8 27. Bf4 Nc5 28. Bxd6 Bxd6 29. Nxd6 Rc7 30. Ne8 Nxe8
31. Rxe8+ Kh7 32. b4 Nb3 33. d6 Rd7 34. Re7 Rxd6 35. Rxb7 f6 36. Rc7 Nd4 37. a4 Rc6 38. Nd5 Rxc7 39. Nxc7 Be4 40. a5 Nc6
41. f3 Bd3 42. a6 Bxa6 43. Nxa6 Na7 44. Nc7 Nc8 45. Kf2 Kg6 46. Ke3 Kf7 47. Kd4 Ke7 48. Kc5 Kd7 49. Na6 g6 50. b5 f5
51. b6 Nd6 52. Kd5 Nb7 53. Nc5+ Kc8 54. Nxb7 Kxb7 55. Ke6 Kxb6 56. Kf6 g5 57. Kxf5
1-0

[Event "Smith-Morra Gambit Practice "]
[Site "SchemingMind.com"]
[Date "2013.01.16"]
[Round "-"]
[White "lipekhetman"]
[Black "hoochicoochiman"]
[Result "1-0"]
[WhiteCountry "POL"]
[BlackCountry "ENG"]
[WhiteElo "2189"]
[WhiteRD "92"]
[BlackElo "1708"]
[BlackRD "91"]
[GameID "325274"]

1. e4 c5 2. d4 e6 3. Nf3 cxd4 4. Nxd4 Qb6 5. Nc3 Bc5 6. Na4 Qa5+ 7. c3 Nc6 8. Nxc5 Qxc5 9. Nb5 Ne5 10. Qd4 Qxd4
11. cxd4 Ng6 12. Nc7+ Kd8 13. Nxa8 N8e7 14. h4 d5 15. h5
1-0

[Event "Smith-Morra Gambit Practice "]
[Site "SchemingMind.com"]
[Date "2013.01.17"]
[Round "-"]
[White "Louis Lima"]
[Black "lipekhetman"]
[Result "0-1"]
[WhiteCountry "ESP"]
[BlackCountry "POL"]
[WhiteElo "1958"]
[WhiteRD "88"]
[BlackElo "2218"]
[BlackRD "89"]
[GameID "325276"]

1. e4 c5 2. d4 e6 3. Nf3 cxd4 4. c3 dxc3 5. Nxc3 Nc6 6. Bc4 Bb4 7. O-O Nge7 8. Qe2 O-O 9. Rd1 Bxc3 10. bxc3 d5
11. exd5 exd5 12. Bb3 Re8 13. Qd3 Bf5 14. Qb5 a6 15. Qf1 Rc8 16. Bg5 f6 17. Be3 Na5
0-1

[Event "Smith-Morra Gambit Practice "]
[Site "SchemingMind.com"]
[Date "2013.01.19"]
[Round "-"]
[White "Queeny"]
[Black "lipekhetman"]
[Result "0-1"]
[WhiteCountry "ENG"]
[BlackCountry "POL"]
[WhiteElo "1629"]
[WhiteRD "98"]
[BlackElo "2148"]
[BlackRD "94"]
[GameID "325277"]

1. e4 c5 2. d4 e6 3. Nf3 cxd4 4. Nxd4 Nf6 5. Bg5 Nc6 6. Nxc6 bxc6 7. Nc3 Rb8 8. Rb1 Bb4 9. Bd3 h6 10. Be3 d5
11. Bxa7 Rb7 12. Bd4 dxe4 13. Ba6 Rd7
0-1

[Event "Smith-Morra Gambit Practice "]
[Site "SchemingMind.com"]
[Date "2013.01.15"]
[Round "-"]
[White "tiggeronvrb"]
[Black "lipekhetman"]
[Result "0-1"]
[WhiteCountry "SCO"]
[BlackCountry "POL"]
[WhiteElo "1906"]
[WhiteRD "72"]
[BlackElo "2185"]
[BlackRD "90"]
[GameID "325278"]

1. e4 c5 2. d4 e6 3. Nf3 cxd4 4. c3 dxc3 5. Nxc3 a6 6. Bc4 Nc6 7. O-O Nge7 8. Bg5 b5 9. Bb3 Bb7 10. Qe2 Qb8
11. Rfd1 Ng6 12. Rd2 h6 13. Be3 Be7 14. Rad1 d6 15. Nd4 O-O 16. f4 Nxd4 17. Bxd4 Nxf4 18. Qg4 e5 19. Be3 Bg5 20. h4 Bc8
21. Qg3 Nh5 22. Qf3 Bg4 23. hxg5 Bxf3 24. gxf3 hxg5 25. Bxg5 Qa7+ 26. Kh2 Nf4 27. Bxf4 exf4 28. Nd5 g6 29. Rg2 Kg7 30. Rdg1 Rh8#
0-1

[Event "Smith-Morra Gambit Practice "]
[Site "SchemingMind.com"]
[Date "2013.01.16"]
[Round "-"]
[White "byrdlegz"]
[Black "lipekhetman"]
[Result "0-1"]
[WhiteCountry "USA"]
[BlackCountry "POL"]
[WhiteElo "1577"]
[WhiteRD "125"]
[BlackElo "2224"]
[BlackRD "93"]
[GameID "325279"]

1. e4 c5 2. d4 e6 3. Nf3 cxd4 4. Nxd4 Nf6 5. Bg5 h6 6. Bh4 g5 7. Bg3 Nxe4 8. Be5 Qa5+ 9. Nc3 Qxe5 10. Nxe4 Qxe4+
11. Ne2 Bg7 12. Rb1 Nc6 13. Qd3 Qxd3 14. cxd3 b6 15. g3 Bb7 16. Bg2 d5 17. O-O Nb4 18. d4 Ba6 19. Rfe1 Nc2 20. Rec1 Bxe2
21. Rxc2 Bd3 22. Rcc1 Bxb1 23. Rxb1 Bxd4 24. b3 Rc8 25. Re1 Rc2 26. Rd1 Bxf2+
0-1

[Event "Smith-Morra Gambit Practice "]
[Site "SchemingMind.com"]
[Date "2013.01.15"]
[Round "-"]
[White "vetran"]
[Black "lipekhetman"]
[Result "0-1"]
[WhiteCountry "NED"]
[BlackCountry "POL"]
[WhiteElo "1970"]
[WhiteRD "78"]
[BlackElo "2148"]
[BlackRD "94"]
[GameID "325280"]

1. e4 c5 2. d4 e6 3. Nf3 cxd4 4. Nxd4 Nf6 5. Nc3 Nc6 6. Nxc6 bxc6 7. e5 Nd5 8. Ne4 Qc7 9. f4 Qb6 10. c4 Ne3
11. Qd3 Bb4+ 12. Bd2 O-O 13. Rc1 a5 14. b3 Ba6 15. Bxb4 axb4 16. h4 f5 17. exf6 Ng4 18. Qf3 Nxf6 19. c5 Qb8 20. Bxa6 Rxa6
21. O-O Rxa2 22. Rcd1 Qa7 23. Nxf6+ Rxf6 24. Qe3 Rf5 25. Rf2 Rxf2 26. Kxf2 Rxc5 27. Rxd7 Rc2+ 28. Kf3 Qxd7
0-1

[Event "Smith-Morra Gambit Practice "]
[Site "SchemingMind.com"]
[Date "2013.01.15"]
[Round "-"]
[White "kenneth m day"]
[Black "lipekhetman"]
[Result "0-1"]
[WhiteCountry "USA"]
[BlackCountry "POL"]
[WhiteElo "1770"]
[WhiteRD "52"]
[BlackElo "2210"]
[BlackRD "100"]
[GameID "325281"]

1. e4 c5 2. d4 e6 3. Nf3 cxd4 4. c3 Nc6 5. cxd4 d5 6. e5 Qb6 7. Bd3 Bd7 8. O-O Nxd4 9. Nxd4 Qxd4 10. Qe2 Ne7
11. Nd2 Nc6 12. Nf3 Qb6 13. Be3 Bc5 14. Bxc5 Qxc5 15. Rac1 Qb6 16. Rc2 Nb4 17. Rc3 Nxd3 18. Rxd3 Bb5 19. Qc2 Bxd3 20. Qxd3 O-O
21. b3 Rac8 22. Nd4 Qa5 23. Qe2 Rc5 24. Ra1 Rfc8 25. h3 Rc1+ 26. Rxc1 Rxc1+ 27. Kh2 Qe1 28. Qb5 Qxe5+ 29. g3 g6 30. Nf3 Qe4
31. Qe8+ Kg7 32. Kg2 Qe2 33. Ng5 Qf1+ 34. Kf3 Rc3+ 35. Kg4 Qe2+ 36. f3 Rxf3 37. Kh4 Rf4+ 38. gxf4 Qf2+ 39. Kg4 h5#
0-1

[Event "Smith-Morra Gambit Practice "]
[Site "SchemingMind.com"]
[Date "2013.01.15"]
[Round "-"]
[White "hoochicoochiman"]
[Black "lipekhetman"]
[Result "0-1"]
[WhiteCountry "ENG"]
[BlackCountry "POL"]
[WhiteElo "1708"]
[WhiteRD "91"]
[BlackElo "2189"]
[BlackRD "92"]
[GameID "325282"]

1. e4 c5 2. d4 e6 3. c3 d5 4. e5 Nc6 5. Nf3 Qb6 6. Be2 cxd4 7. cxd4 Nh6 8. Bxh6 gxh6 9. b3 Bb4+ 10. Kf1 f6
11. a3 Be7 12. b4 fxe5 13. dxe5 O-O 14. Nc3 Nxe5 15. Nd4 Bd7 16. b5 Rf4 17. Nxe6 Qxf2#
0-1

[Event "Smith-Morra Gambit Practice "]
[Site "SchemingMind.com"]
[Date "2013.01.17"]
[Round "-"]
[White "emvarela"]
[Black "Louis Lima"]
[Result "0-1"]
[WhiteCountry "ARG"]
[BlackCountry "ESP"]
[WhiteElo "1741"]
[WhiteRD "47"]
[BlackElo "1910"]
[BlackRD "67"]
[GameID "325310"]

1. e4 c5 2. d4 cxd4 3. c3 g6 4. Nf3 Bg7 5. cxd4 d5 6. exd5 Nf6 7. Nc3 O-O 8. Bc4 Nbd7 9. O-O Nb6 10. Bb3 Nbxd5
11. Nxd5 Nxd5 12. Bxd5 Qxd5 13. h3 Bf5 14. Be3 Be4 15. b3 Bxf3 16. Qxf3 Qxf3 17. gxf3 Rfd8 18. Rad1 Rd5 19. Rd3 Rc8 20. Rfd1 Rcd8
21. f4 Rc8 22. Kg2 a6 23. Kf3 e6 24. h4 h5 25. R1d2 Bf8 26. Re2 Be7 27. Kg3 Ba3 28. f3 Rcd8 29. Rc2 R8d7 30. Rc8+ Kg7
31. Rdc3 Bb2 32. Rd3 Bxd4 33. Bxd4+ Rxd4 34. Rxd4 Rxd4 35. Rc3 b5 36. a3 a5 37. Rc5 Rd5 38. Rc3 Kf6 39. Re3 Kf5 40. Re4 f6
41. Kf2 Rd3 42. Re3 Rd2+ 43. Kg3 Rd4 44. Rc3 b4 45. axb4 axb4 46. Rc5+ e5 47. fxe5 fxe5 48. Rb5 Kf6 49. Rb6+ Kg7 50. Rb7+ Kh6
51. Kh3 e4 52. fxe4 Rxe4 53. Kg3 Re3+
0-1

[Event "Smith-Morra Gambit Practice "]
[Site "SchemingMind.com"]
[Date "2013.01.17"]
[Round "-"]
[White "emvarela"]
[Black "tiggeronvrb"]
[Result "0-1"]
[WhiteCountry "ARG"]
[BlackCountry "SCO"]
[WhiteElo "1731"]
[WhiteRD "49"]
[BlackElo "1871"]
[BlackRD "76"]
[GameID "325312"]

1. e4 c5 2. d4 cxd4 3. c3 dxc3 4. Nxc3 Nc6 5. Nf3 d6 6. Bc4 a6 7. O-O Nf6 8. Bg5 e6 9. Qe2 h6 10. Bxf6 Qxf6
11. a3 Be7 12. Rfd1 O-O 13. Rd2 b5 14. Bb3 e5 15. Nd5 Qe6 16. Nc7 Qxb3 17. Nxa8 Bg4 18. Rd3 Qe6 19. Nc7 Qc8 20. Nd5 Bd8
21. h3 Bh5 22. g4 Bg6 23. Rc3 Qd7 24. Rac1 Ne7 25. Nxe7+ Qxe7 26. Rc6 Qb7 27. Rxd6 Bxe4 28. Nxe5 Re8 29. Rcd1 Bf6 30. f4 Bxe5
31. fxe5 Bf3 32. Qe3 Bxd1 33. Rxd1 Qc7 34. Rd5 Re6 35. Qd3 Qc1+ 36. Kg2 Qxb2+ 37. Kf3 Re8 38. Kf4 Qf2+ 39. Qf3 g5+ 40. Ke4 Qxf3+
41. Kxf3 Kf8 42. Rc5 Re6 43. Rc8+ Ke7 44. Rc7+ Ke8 45. Ke4 Re7 46. Rc6 Re6 47. Kd5 Kd7 48. Rd6+ Rxd6+ 49. exd6 a5 50. Kc5 b4
51. axb4 axb4 52. Kxb4 Kxd6 53. Kc4 Ke5 54. Kd3 Kf4
0-1

[Event "Smith-Morra Gambit Practice "]
[Site "SchemingMind.com"]
[Date "2013.01.18"]
[Round "-"]
[White "emvarela"]
[Black "byrdlegz"]
[Result "1-0"]
[WhiteCountry "ARG"]
[BlackCountry "USA"]
[WhiteElo "1760"]
[WhiteRD "50"]
[BlackElo "1578"]
[BlackRD "123"]
[GameID "325313"]

1. e4 c5 2. d4 cxd4 3. c3 e5 4. Nf3 Nc6 5. cxd4 exd4 6. Nxd4 Nxd4 7. Qxd4 Nf6 8. Nc3 Be7 9. Bf4 O-O 10. Nd5 Nxd5
11. Qxd5 Bb4+ 12. Bd2 Bxd2+ 13. Qxd2 Re8 14. Bd3 b6 15. O-O Bb7 16. Qf4 Qe7 17. Rfe1 Qe5 18. Qxe5 Rxe5 19. f3 Rae8 20. Rac1 d5
21. Kf2 dxe4 22. Bxe4 Bxe4 23. Rxe4 h6 24. Rxe5 Rxe5 25. Rc8+ Kh7 26. Rc7 Ra5 27. a3 Kg6 28. g4 Kf6 29. h4 Ke6 30. f4 g6
31. Ke3 a6 32. Rc6+ Kd5 33. Rxb6 Kc5 34. Rf6 Rb5 35. b4+ Kc4 36. Rxa6 Rd5 37. Ra5 Rd6 38. Ra7 Kb3 39. g5 h5 40. b5 Rb6
41. a4 Kb4 42. Ra6 Rb7 43. b6 Kc5 44. a5 Re7+ 45. Kf3 Kc6 46. Ra7 Rxa7 47. bxa7 Kb7 48. Ke4 Kxa7 49. Ke5 Ka6 50. Kf6
1-0

[Event "Smith-Morra Gambit Practice "]
[Site "SchemingMind.com"]
[Date "2013.01.17"]
[Round "-"]
[White "emvarela"]
[Black "vetran"]
[Result "0-1"]
[WhiteCountry "ARG"]
[BlackCountry "NED"]
[WhiteElo "1779"]
[WhiteRD "51"]
[BlackElo "2008"]
[BlackRD "80"]
[GameID "325314"]

1. e4 c5 2. d4 cxd4 3. c3 dxc3 4. Nxc3 Nc6 5. Nf3 d6 6. Bc4 e6 7. Bf4 Be7 8. O-O Nf6 9. Qc2 a6 10. a3 O-O
11. Rad1 Qc7 12. b4 Nxb4 13. axb4 Qxc4 14. Rd4 Qc6 15. e5 Nd5 16. Rc1 Nxf4 17. Rxf4 Bd7 18. exd6 Bxd6 19. Rh4 h6 20. Ne2 Qxc2
21. Rxc2 Rfd8 22. Rhc4 Bb5 23. Rd4 Bxb4 24. Rxd8+ Rxd8 25. g3 Bxe2 26. Rxe2 a5 27. Ra2 b5 28. Ne5 Rd2
0-1

[Event "Smith-Morra Gambit Practice "]
[Site "SchemingMind.com"]
[Date "2013.01.17"]
[Round "-"]
[White "emvarela"]
[Black "kenneth m day"]
[Result "1-0"]
[WhiteCountry "ARG"]
[BlackCountry "USA"]
[WhiteElo "1779"]
[WhiteRD "51"]
[BlackElo "1720"]
[BlackRD "53"]
[GameID "325315"]

1. e4 c5 2. d4 cxd4 3. c3 Nf6 4. e5 Nd5 5. Nf3 Nc6 6. cxd4 e6 7. Nc3 Bb4 8. Bd2 Bxc3 9. Bxc3 O-O 10. Bd3 b6
11. O-O Bb7 12. Qe2 f6 13. exf6 Qxf6 14. Ne5 Nf4 15. Qe3 Nxe5 16. dxe5 Qg5 17. Be4 Bxe4 18. Qxe4 Rac8 19. Bd4 Rc4 20. Rad1 Rf5
21. Qf3 Qh6 22. Qa8+ Kf7 23. Be3 Qg6 24. Rxd7#
1-0

[Event "Smith-Morra Gambit Practice "]
[Site "SchemingMind.com"]
[Date "2013.01.17"]
[Round "-"]
[White "emvarela"]
[Black "lipekhetman"]
[Result "0-1"]
[WhiteCountry "ARG"]
[BlackCountry "POL"]
[WhiteElo "1765"]
[WhiteRD "48"]
[BlackElo "2224"]
[BlackRD "93"]
[GameID "325316"]

1. e4 c5 2. d4 e6 3. Nf3 cxd4 4. Nxd4 Nf6 5. Nc3 Nc6 6. Ndb5 Bb4 7. a3 Bxc3+ 8. Nxc3 d5 9. exd5 exd5 10. Bd3 O-O
11. O-O d4 12. Ne4 Bf5 13. Nxf6+ Qxf6 14. Bxf5 Qxf5 15. Qd3 Qxd3 16. cxd3 Rfe8 17. Bf4 f6 18. Rfe1 g5 19. Bg3 Kf7 20. f3 Re3
21. Rxe3 dxe3 22. f4 Rd8 23. Rd1 Nd4 24. fxg5 fxg5 25. Be5 Nc2 26. Kf1 Ke6 27. d4 Rf8+
0-1

[Event "Smith-Morra Gambit Practice "]
[Site "SchemingMind.com"]
[Date "2013.01.17"]
[Round "-"]
[White "emvarela"]
[Black "hoochicoochiman"]
[Result "1-0"]
[WhiteCountry "ARG"]
[BlackCountry "ENG"]
[WhiteElo "1779"]
[WhiteRD "51"]
[BlackElo "1706"]
[BlackRD "94"]
[GameID "325317"]

1. e4 c5 2. d4 e6 3. Nf3 d5 4. Nbd2 c4 5. exd5 exd5 6. b3 c3 7. Nb1 Bb4 8. Bb5+ Bd7 9. Bxd7+ Nxd7 10. O-O Ndf6
11. Bg5 Qd6 12. Re1+ Ne4 13. a3 f6 14. axb4 Qxb4 15. Ra4 Qe7 16. Bf4 b5 17. Ra6 Kf7 18. Nxc3 Qb7 19. Nxe4 dxe4 20. Ne5+ fxe5
21. Qh5+ Kf8 22. Qf5+ Nf6 23. Rxf6+ gxf6 24. Qxf6+ Kg8 25. Bxe5 a6 26. Qxh8+
1-0

[Event "Smith-Morra Gambit Practice "]
[Site "SchemingMind.com"]
[Date "2013.01.17"]
[Round "-"]
[White "Louis Lima"]
[Black "emvarela"]
[Result "1/2-1/2"]
[WhiteCountry "ESP"]
[BlackCountry "ARG"]
[WhiteElo "1970"]
[WhiteRD "85"]
[BlackElo "1765"]
[BlackRD "48"]
[GameID "325319"]

1. e4 c5 2. d4 cxd4 3. c3 dxc3 4. Nxc3 Nc6 5. Nf3 d6 6. Bc4 e6 7. O-O Nf6 8. Qe2 Be7 9. Rd1 e5 10. Be3 O-O
11. Rac1 Bg4 12. h3 Bxf3 13. Qxf3 a6 14. a3 b5 15. Ba2 Rc8 16. Nd5 Nxd5 17. Bxd5 Na5 18. Rxc8 Qxc8 19. Rc1 Qb8 20. Bd2 Nc4
21. Bc3 Nb6 22. Ba2 Na4 23. Bd5=
1/2-1/2

[Event "Smith-Morra Gambit Practice "]
[Site "SchemingMind.com"]
[Date "2013.01.16"]
[Round "-"]
[White "tiggeronvrb"]
[Black "emvarela"]
[Result "1-0"]
[WhiteCountry "SCO"]
[BlackCountry "ARG"]
[WhiteElo "1868"]
[WhiteRD "70"]
[BlackElo "1759"]
[BlackRD "49"]
[GameID "325321"]

1. e4 c5 2. d4 cxd4 3. c3 dxc3 4. Nxc3 Nc6 5. Bc4 e6 6. Nf3 d6 7. Qe2 Nf6 8. O-O a6 9. Rd1 Qc7 10. Bf4 Be7
11. Rac1 Nh5 12. Be3 O-O 13. a3 b5 14. Ba2 b4 15. Nd5 exd5 16. exd5 Bd7 17. dxc6 Bxc6 18. Nd4
1-0

[Event "Smith-Morra Gambit Practice "]
[Site "SchemingMind.com"]
[Date "2013.01.17"]
[Round "-"]
[White "byrdlegz"]
[Black "emvarela"]
[Result "1-0"]
[WhiteCountry "USA"]
[BlackCountry "ARG"]
[WhiteElo "1600"]
[WhiteRD "125"]
[BlackElo "1767"]
[BlackRD "50"]
[GameID "325322"]

1. e4 c5 2. d4 cxd4 3. Qxd4 Nc6 4. Qa4 Nf6 5. Nc3 e5 6. Bg5 Be7 7. Nf3 Qb6 8. O-O-O Qxf2 9. Bh4 Qe3+ 10. Kb1 O-O
11. Bd3 Ng4 12. Bg3 Qc5 13. Nd5 Nb4 14. Nxe7+ Qxe7 15. h3 Ne3 16. Rd2 Nxd3 17. cxd3 d6 18. Re2 Bd7 19. Qb4 b6 20. Rxe3 f6
21. Rc1 Rfc8 22. Rxc8+ Rxc8 23. Nd2 Kf7 24. Nc4 Rc6 25. Re1 Be6 26. Rc1 Bxc4 27. Rxc4 Rc5 28. Rxc5 dxc5 29. Qc4+ Kg6 30. Be1 Qd7
31. Bd2 f5 32. exf5+ Qxf5 33. Qg4+ Qxg4 34. hxg4 h6 35. Kc1 Kf6 36. Kc2 a6 37. a3 b5 38. Ba5 g6 39. Bb6 Kg5 40. Bxc5 Kxg4
41. Bf2 h5 42. Kd2 g5 43. Ke3 Kf5 44. Be1 h4 45. d4 exd4+ 46. Kxd4 Kf4 47. Kc5
1-0